Stuck in Movies Quiz Stats

 Plays Quiz not verified by Sporcle

Score 0/20 Timer 07:00
0 Plays Today
% Correct
The Simpsons Movie
97%
Life of Pi
93.6%
Pirates of the Caribbean: Curse of the Black Pearl
92.7%
Cast Away
92.2%
The Martian
92%
Tangled
90.7%
Austin Powers: International Man of Mystery
90.6%
Indiana Jones and the Last Crusade
87.5%
127 Hours
86.9%
Harry Potter and the Sorcerer's Stone
84%
% Correct
Saw
80.1%
Misery
80.1%
Panic Room
74.2%
Phone Booth
70.1%
Goldfinger
69.7%
The Silence of the Lambs
66.2%
Cube
41%
Cujo
29.4%
Green Room
26.2%
Frozen
18.6%

You're not logged in!

Compare scores with friends on all Sporcle quizzes.
OR
Log In

Show Comments

Extras

Top Quizzes Today


Score Distribution

Your Account Isn't Verified!

In order to create a playlist on Sporcle, you need to verify the email address you used during registration. Go to your Sporcle Settings to finish the process.

Report this User

Report this user for behavior that violates our Community Guidelines.

Details: